| 000 | 01331nam a2200289Ia 4500 | ||
|---|---|---|---|
| 003 | OSt | ||
| 005 | 20210112100437.0 | ||
| 008 | 191128s2001 ck gr 000 0 spa d | ||
| 020 | _a | ||
| 022 | _a0124115X | ||
| 040 |
_aCO-JMCR _cCO-JMCR |
||
| 041 | _aspa | ||
| 082 | 0 | 4 |
_a328.31 / _bC718d _223 |
| 110 | 1 |
_aColombia. _bCentro de Investigaciones Sociojurídicas _912808 |
|
| 245 | 1 | 0 |
_aDiscusiones sobre la reforma del Estado en Colombia : _bla fragmentación del Estado y el funcionamiento del Congreso / _cCentro de Investigaciones Sociojurídicas |
| 260 |
_aBogotá : _bUniversidad de los Andes : Colciencias, _c2001 |
||
| 300 |
_a305 páginas ; _c28 cm. |
||
| 490 | 0 | _aEstudios ocasionales | |
| 504 | _aBibliografía: páginas 265-269 | ||
| 505 | 0 | _aLa fragmentación interna del Estado y su impacto sobre la formulación e implementación de una política estatal de paz y convivencia ciudadana -- ¿Qué hace funcionar al Congreso? Una aproximación inicial a las fallas y los aciertos de la institución | |
| 610 | 1 | 4 |
_aColombia. _tConstitución (1991) _vComentarios _912813 |
| 650 | 1 | 4 |
_aEstado _912809 _xorganización _zColombia |
| 650 | 1 | 4 |
_aPolítica y gobierno _912810 |
| 650 | 1 | 4 |
_aProcesos de paz _912811 _vensayos, conferencias, etc. _zColombia |
| 650 | 1 | 4 |
_aAdministración pública _912812 |
| 942 |
_2ddc _cBK |
||
| 999 |
_c5224 _d5224 |
||